La Cotorra Marola (Record no. 7765)

MARC details
000 -LEADER
campo de control de longitud fija 00360nam a2200145Ia 4500
001 - NÚMERO DE CONTROL
campo de control 3909
008 - DATOS DE LONGITUD FIJA--INFORMACIÓN GENERAL
campo de control de longitud fija 241024s9999 xx 000 0 und d
020 ## - NÚMERO INTERNACIONAL ESTÁNDAR DEL LIBRO
Número Internacional Estándar del Libro 978-9945-465-37-2
082 ## - NÚMERO DE LA CLASIFICACIÓN DECIMAL DEWEY
Número de clasificación RD/863.97293/M385c
100 ## - ENTRADA PRINCIPAL--NOMBRE DE PERSONA
Nombre de persona J. Adalberto Martinez
245 #0 - MENCIÓN DEL TÍTULO
Título La Cotorra Marola
260 ## - PUBLICACIÓN, DISTRIBUCIÓN, ETC.
Nombre del editor, distribuidor, etc. Ediciones CP
Fecha de publicación, distribución, etc. 2013
901 ## - ELEMENTOS DE DATOS A LOCAL LDA (RLIN)
a 29/1/2015 10:51:06 a.m.

No items available.

© 2024. Todos los Derechos Reservados. Desarrollado por IDEICE